[Event "Klaksvík 100 International 200"]
[Site "The Hall of Gymnastics, FO-70"]
[Date "2008.10.11"]
[Round "1"]
[White "Grabarczyk, Miroslaw"]
[Black "Poulsen, Martin"]
[Result "0-1"]
[WhiteElo "2516"]
[BlackElo "2281"]
[PlyCount "70"]
[EventDate "2008.10.11"]
[EventRounds "9"]
[EventCountry "FAI"]

1. d4 d6 2. Nf3 g6 3. g3 Bg7 4. Bg2 Nd7 5. c4 e5 6. Nc3 Ne7 7. O-O O-O 8. e4
Nb6 9. dxe5 Nxc4 10. exd6 Qxd6 11. Qc2 Qc5 12. Bg5 Nc6 13. Nd5 Nb4 14. Nxb4
Qxb4 15. Rac1 Nxb2 16. Qxc7 Qxe4 17. Be7 Re8 18. Bf6 Bxf6 19. Rfe1 Qa4 20. Nd2
Rxe1+ 21. Rxe1 Qd7 22. Qc2 Rb8 23. Ne4 Bg7 24. Ng5 h6 25. Nxf7 Qxf7 26. Qc5 Nd3
27. Qxa7 Nxe1 28. Qxb8 Qf8 29. Bxb7 Bxb7 30. Qxb7 Qf3 31. Qxf3 Nxf3+ 32. Kg2
Nd2 33. f4 Bd4 34. a4 Bb6 35. g4 Kf7 0-1